000
00316nam a2200133Ia 4500
008
260604s9999 xx 000 0 und d
020
_a
9780340894552
082
_a
823.91 BLY
100
_a
Enid Blyton
_9
35386
245
0
_a
FAMOUS FIVE:02:FICE GO ADVENTURING AGAIN
260
_b
H&S
500
_a
Story
942
_c
BK
999
_c
8199
_d
8199